[Event "DSOL 04 Liga Gr-B 1st"]
[Site "Playchess.com INT"]
[Date "2020.06.25"]
[Round "1.1"]
[White "Strohmann, Andreas"]
[Black "Schwartz, Dirk"]
[Result "1-0"]
[WhiteElo "1830"]
[BlackElo "1846"]
[PlyCount "43"]
[EventDate "2020.06.22"]
[EventType "team-tourn (rapid)"]
[EventCountry "GER"]
[SourceTitle "EXT 2021"]
[Source "ChessBase"]
[SourceDate "2020.10.23"]
[SourceVersion "1"]
[SourceVersionDate "2020.10.23"]
[SourceQuality "1"]
[WhiteTeam "Buer Hassel"]
[BlackTeam "Rheinbacher SF"]
[WhiteTeamCountry "GER"]
[BlackTeamCountry "GER"]

1. e4 c5 2. d4 cxd4 3. c3 Nf6 4. e5 Nd5 5. cxd4 Nc6 6. Nc3 Nxc3 7. bxc3 d6 8. exd6 Qxd6 9. Nf3 Bg4 10. Rb1 Rb8 11. d5 Ne5 12. Bb5+ Nd7 13. Qd4 Bxf3 14. gxf3 a6 15. Bf4 Qg6 16. Bxd7+ Kxd7 17. Rb6 Qg2 18. Bxb8 Qxh1+ 19. Ke2 Qc1 20. Rxb7+ Ke8 21. Qa4+ Kd8 22. Qd7# 1-0

[Event "GER Cup Net Final-B U2000"]
[Site "Playchess.com INT"]
[Date "2020.06.06"]
[Round "3"]
[White "Schwartz, Dirk"]
[Black "Powalla, Christian"]
[Result "1-0"]
[WhiteElo "1792"]
[BlackElo "1714"]
[PlyCount "41"]
[EventDate "2020.06.06"]
[EventType "swiss (blitz)"]
[EventRounds "13"]
[EventCountry "GER"]
[SourceTitle "CBM 197 Extra"]
[Source "ChessBase"]
[SourceDate "2020.09.30"]
[SourceVersion "1"]
[SourceVersionDate "2020.09.30"]
[SourceQuality "1"]

1. e4 e5 2. Nf3 Nc6 3. Nc3 g6 4. d4 exd4 5. Nxd4 Bg7 6. Nxc6 bxc6 7. Bd3 d6 8. 0-0 Nf6 9. Bg5 0-0 10. Qd2 Re8 11. Bh6 Bh8 12. Rae1 Be6 13. Bg5 Rb8 14. f4 Qc8 15. f5 gxf5 16. exf5 Bd5 17. Bh6 Bg7 18. Qg5 Nh5 19. Bxg7 Nxg7 20. f6 Qg4 21. Qxg4 1-0

[Event "GER Cup Net V3 U2000"]
[Site "Playchess.com INT"]
[Date "2020.05.27"]
[Round "6"]
[White "Koch, Yannick"]
[Black "Schwartz, Dirk"]
[Result "1/2-1/2"]
[WhiteElo "1831"]
[BlackElo "1651"]
[PlyCount "125"]
[EventDate "2020.05.27"]
[EventType "swiss (blitz)"]
[EventRounds "9"]
[EventCountry "GER"]
[SourceTitle "EXT 2021"]
[Source "ChessBase"]
[SourceDate "2020.10.23"]
[SourceVersion "1"]
[SourceVersionDate "2020.10.23"]
[SourceQuality "1"]

1. d4 Nf6 2. c4 e6 3. Nc3 Bb4 4. Qc2 0-0 5. Nf3 c5 6. dxc5 Na6 7. g3 Nxc5 8. Bg2 Nfe4 9. 0-0 Nxc3 10. bxc3 Ba5 11. Bf4 Bc7 12. Be3 d6 13. Rfd1 Qe7 14. Nd4 Rd8 15. Nb5 Bb8 16. Bxc5 dxc5 17. Rxd8+ Qxd8 18. Rd1 Qe7 19. Qd3 Be5 20. Qd8+ Qf8 21. f4 Bf6 22. Qc7 a6 23. Nd6 Be7 24. Nxb7 Bxb7 25. Bxb7 Rd8 26. Rxd8 Bxd8 27. Qc6 a5 28. Bc8 Qe7 29. Ba6 g6 30. Bb5 Qc7 31. Qe8+ Kg7 32. h4 h5 33. Kf2 Bf6 34. e4 Qd8 35. Qxd8 Bxd8 36. Ke3 Kf6 37. Kf3 e5 38. Ke3 exf4+ 39. Kxf4 Bc7+ 40. Kf3 Ke5 41. Be8 Ke6 42. Bc6 Be5 43. Bd5+ Ke7 44. Bc6 Kd6 45. Bd5 Ke7 46. Bc6 Bxc3 47. Bd5 Be5 48. Bc6 Bd4 49. Bd5 Be5 50. Bb7 Bd4 51. Bc8 Be5 52. g4 hxg4+ 53. Kxg4 Bf6 54. Bb7 Kd6 55. Bd5 Ke7 56. h5 gxh5+ 57. Kxh5 Bd4 58. Kg4 f6 59. Kf5 Kd6 60. Bf7 Be5 61. Be8 Bd4 62. Bb5 Be5 63. Be8 1/2-1/2

[Event "GER Cup Net V3 U2000"]
[Site "Playchess.com INT"]
[Date "2020.05.27"]
[Round "3"]
[White "Kosovska, Olena"]
[Black "Schwartz, Dirk"]
[Result "0-1"]
[WhiteElo "1936"]
[BlackElo "1651"]
[PlyCount "68"]
[EventDate "2020.05.27"]
[EventType "swiss (blitz)"]
[EventRounds "9"]
[EventCountry "GER"]
[SourceTitle "EXT 2021"]
[Source "ChessBase"]
[SourceDate "2020.10.23"]
[SourceVersion "1"]
[SourceVersionDate "2020.10.23"]
[SourceQuality "1"]

1. e4 c5 2. Nc3 Nc6 3. f4 g6 4. Nf3 Bg7 5. Bc4 e6 6. f5 gxf5 7. exf5 d5 8. fxe6 dxc4 9. exf7+ Kxf7 10. 0-0 Nf6 11. Ng5+ Kg8 12. Qe2 Qd4+ 13. Kh1 Bg4 14. Qe1 Re8 15. Qg3 h6 16. Nf3 Bxf3 17. Qxf3 Qg4 18. Qf2 Kh7 19. h3 Qe6 20. Qxc5 Rhf8 21. b3 cxb3 22. axb3 Ne4 23. Qg1 Ng3+ 24. Kh2 Nxf1+ 25. Kh1 Ng3+ 26. Kh2 Be5 27. Ba3 Ne2+ 28. Kh1 Nxg1 29. Rxg1 Rf2 30. Ne4 Re2 31. d3 Bd4 32. Rf1 Qg6 33. Bd6 R8xe4 34. dxe4 Qxg2# 0-1

[Event "Mittelrhein Verbandsliga Sued 1920"]
[Site "Mittelrhein"]
[Date "2019.12.08"]
[Round "4.6"]
[White "Schwartz, Dirk"]
[Black "Weber, Meikel"]
[Result "1/2-1/2"]
[WhiteElo "1855"]
[BlackElo "1867"]
[PlyCount "119"]
[EventDate "2019.09.29"]
[EventType "team-tourn"]
[EventRounds "9"]
[EventCountry "GER"]
[SourceTitle "EXT 2023"]
[Source "ChessBase"]
[SourceDate "2022.10.05"]
[SourceVersion "1"]
[SourceVersionDate "2022.10.05"]
[SourceQuality "1"]
[WhiteTeam "Rheinbacher SF"]
[BlackTeam "Bonn Stadtverwaltung II"]
[WhiteTeamCountry "GER"]
[BlackTeamCountry "GER"]

1. e4 e5 2. Nf3 Nc6 3. Nc3 Nf6 4. d4 exd4 5. Nxd4 Bb4 6. Nxc6 bxc6 7. Bd3 d5 8. exd5 0-0 9. 0-0 cxd5 10. h3 c6 11. Qf3 Be6 12. Bf4 Bd6 13. Ne2 Re8 14. Rac1 Bxf4 15. Nxf4 Qa5 16. a3 Rab8 17. b4 Qb6 18. c4 a5 19. cxd5 cxd5 20. b5 a4 21. Rc6 Qd4 22. Rd1 Qe5 23. Qe3 Qxe3 24. fxe3 Bd7 25. Rc5 Rxe3 26. Nxd5 Nxd5 27. Rxd5 Be6 28. Rd4 Bb3 29. Rd2 g6 30. Rb4 Re1+ 31. Kf2 Ra1 32. b6 Rxa3 33. Be4 Ra1 34. b7 Rd1 35. Rxd1 Bxd1 36. Ke1 Bb3 37. Kd2 Kf8 38. Kc3 Ke7 39. Rd4 f5 40. Bc6 h5 41. h4 Ke6 42. Rd7 Ke5 43. Rc7 Bd5 44. Rc8 Rxb7 45. Re8+ Kd6 46. Bxb7 Bxb7 47. g3 Bd5 48. Kd4 Bb3 49. Ra8 Kc6 50. Ra6+ Kb5 51. Rxg6 a3 52. Kc3 a2 53. Kb2 Kc5 54. Rg5 Be6 55. Rxh5 Kd6 56. Rh6 Ke7 57. Rxe6+ Kxe6 58. Kxa2 Ke5 59. Kb3 f4 60. gxf4+ 1/2-1/2

[Event "Mittelrhein Verbandsliga Sued 1920"]
[Site "Mittelrhein"]
[Date "2019.09.29"]
[Round "1.6"]
[White "Romaker, Johann"]
[Black "Schwartz, Dirk"]
[Result "1-0"]
[WhiteElo "1813"]
[BlackElo "1855"]
[PlyCount "45"]
[EventDate "2019.09.29"]
[EventType "team-tourn"]
[EventRounds "9"]
[EventCountry "GER"]
[SourceTitle "EXT 2023"]
[Source "ChessBase"]
[SourceDate "2022.10.05"]
[SourceVersion "1"]
[SourceVersionDate "2022.10.05"]
[SourceQuality "1"]
[WhiteTeam "Bruehl III"]
[BlackTeam "Rheinbacher SF"]
[WhiteTeamCountry "GER"]
[BlackTeamCountry "GER"]

1. d4 d5 2. Nf3 Nf6 3. Bf4 c5 4. e3 Nc6 5. c4 e6 6. Nc3 cxd4 7. exd4 Bb4 8. a3 Bxc3+ 9. bxc3 0-0 10. Bd3 dxc4 11. Bxc4 Qa5 12. Qc2 Ne4 13. Rc1 e5 14. Bxe5 Nxe5 15. Nxe5 Qxa3 16. 0-0 Nf6 17. Ra1 Qd6 18. Qb3 Qc7 19. Rfe1 Bf5 20. f3 a6 21. g4 b5 22. Bxf7+ Rxf7 23. gxf5 1-0

[Event "Mittelrhein Verbandsliga-S 17/18"]
[Site "Nordrheinwestfalen"]
[Date "2017.12.03"]
[Round "5.3"]
[White "Schwartz, Dirk"]
[Black "Kessler, Ulrich"]
[Result "0-1"]
[WhiteElo "1928"]
[BlackElo "1882"]
[PlyCount "78"]
[EventDate "2017.09.10"]
[EventType "team-tourn"]
[EventRounds "11"]
[EventCountry "GER"]
[SourceTitle "EXT 2022"]
[Source "ChessBase"]
[SourceDate "2021.10.06"]
[SourceVersion "1"]
[SourceVersionDate "2021.10.06"]
[SourceQuality "1"]
[WhiteTeam "Rheinbacher SF"]
[BlackTeam "Troisdorf"]
[WhiteTeamCountry "GER"]
[BlackTeamCountry "GER"]

1. c4 f5 2. g3 Nf6 3. Bg2 g6 4. Nc3 Bg7 5. d3 Nc6 6. Rb1 a5 7. a3 e5 8. Nf3 Qe7 9. e4 d6 10. 0-0 0-0 11. Bg5 Qf7 12. Bxf6 Bxf6 13. Nd5 Bd8 14. Qd2 Qg7 15. b4 fxe4 16. dxe4 Bg4 17. Ne1 axb4 18. h3 Be6 19. axb4 Nd4 20. Kh2 c6 21. Ne3 Bg5 22. c5 dxc5 23. bxc5 Bc4 24. Rh1 Be2 25. h4 Bh6 26. Nd3 Nf3+ 27. Bxf3 Bxf3 28. Rhf1 Bxe4 29. Rb4 Bd5 30. Qe2 Ra2 31. Rb2 Rxb2 32. Nxb2 Bxe3 33. Qxe3 Rf3 34. Qd2 e4 35. Nd1 Qf8 36. Qd4 Rd3 37. Qa1 Qxc5 38. Qa8+ Qf8 39. Qxb7 Rxd1 0-1

[Event "GER HS-230 email"]
[Site "GER email"]
[Date "2017.08.14"]
[Round "?"]
[White "Jaspert, Juergen"]
[Black "Schwartz, Dirk"]
[Result "1/2-1/2"]
[WhiteElo "1748"]
[BlackElo "1697"]
[PlyCount "91"]
[EventDate "2017.08.18"]
[EventType "tourn (corr)"]
[EventRounds "6"]
[EventCountry "GER"]
[SourceTitle "Corr 2022"]
[Source "ChessBase"]
[SourceDate "2021.10.24"]
[SourceVersion "1"]
[SourceVersionDate "2021.10.24"]
[SourceQuality "1"]

1. d4 d6 2. e4 Nf6 3. Nc3 e5 4. Nf3 exd4 5. Nxd4 Be7 6. Bf4 0-0 7. Be2 Re8 8. 0-0 Nc6 9. Nxc6 bxc6 10. Bc4 Bb7 11. Re1 d5 12. Bd3 d4 13. e5 dxc3 14. exf6 Bxf6 15. Rxe8+ Qxe8 16. bxc3 Bxc3 17. Bxh7+ Kxh7 18. Qd3+ Kg8 19. Qxc3 Qe4 20. Bxc7 Re8 21. f3 Qd5 22. Bg3 Re2 23. h4 Bc8 24. Re1 Rxe1+ 25. Bxe1 Qd1 26. Kh2 Be6 27. a4 Qe2 28. Kg3 a6 29. h5 f6 30. Bd2 Bf5 31. Qc5 Bd7 32. Qd4 Be8 33. h6 gxh6 34. Bxh6 Qe1+ 35. Kh2 Qe5+ 36. Qxe5 fxe5 37. Kg3 Bg6 38. c3 a5 39. Be3 Bc2 40. Bb6 Bxa4 41. Bxa5 Kf7 42. Bd8 Bb3 43. Kf2 Ke6 44. g4 Bd1 45. Ke3 Kd5 46. Bf6 1/2-1/2

[Event "GER HS-230 email"]
[Site "GER email"]
[Date "2017.08.14"]
[Round "?"]
[White "Wagner, Hans"]
[Black "Schwartz, Dirk"]
[Result "1/2-1/2"]
[WhiteElo "1856"]
[BlackElo "1697"]
[PlyCount "70"]
[EventDate "2017.08.18"]
[EventType "tourn (corr)"]
[EventRounds "6"]
[EventCountry "GER"]
[SourceTitle "Corr 2022"]
[Source "ChessBase"]
[SourceDate "2021.10.24"]
[SourceVersion "1"]
[SourceVersionDate "2021.10.24"]
[SourceQuality "1"]

1. e4 d6 2. Nc3 Nf6 3. f4 e5 4. Nf3 Be7 5. Bc4 Nc6 6. d3 0-0 7. 0-0 Na5 8. Bb3 exf4 9. Bxf4 Nxb3 10. axb3 a6 11. Qe1 Be6 12. Nd4 Bd7 13. Bg5 c6 14. Nf5 Bxf5 15. Rxf5 Re8 16. Qh4 Nd7 17. Bxe7 Rxe7 18. Raf1 Ne5 19. Kh1 Ng6 20. Qg3 Qc7 21. h4 h6 22. Qh2 Rae8 23. g4 Ne5 24. Qg2 f6 25. g5 hxg5 26. hxg5 fxg5 27. Rxg5 Rf7 28. Ne2 Rxf1+ 29. Qxf1 Qe7 30. Rg3 Rf8 31. Qh3 Qf6 32. Nd4 Qf1+ 33. Qxf1 Rxf1+ 34. Kh2 g6 35. Nf5 Rf2+ 1/2-1/2

[Event "Mittelrhein Verbandsliga-O 16/17"]
[Site "Nordrheinwestfalen"]
[Date "2017.01.29"]
[Round "7"]
[White "Schlicht, Markus"]
[Black "Schwartz, Dirk"]
[Result "1/2-1/2"]
[WhiteElo "1882"]
[BlackElo "1884"]
[PlyCount "39"]
[EventDate "2016.09.11"]
[EventType "team-tourn"]
[EventRounds "11"]
[EventCountry "GER"]
[SourceTitle "EXT 2022"]
[Source "ChessBase"]
[SourceDate "2021.10.06"]
[SourceVersion "1"]
[SourceVersionDate "2021.10.06"]
[SourceQuality "1"]
[WhiteTeam "Bruehl II"]
[BlackTeam "Rheinbacher SF"]
[WhiteTeamCountry "GER"]
[BlackTeamCountry "GER"]

1. d4 d6 2. c4 e5 3. dxe5 dxe5 4. Qxd8+ Kxd8 5. g3 c6 6. Bh3 f6 7. b3 Bxh3 8. Nxh3 Kc7 9. f3 Nd7 10. Nc3 Ne7 11. Nf2 Nf5 12. Nfe4 Nd4 13. Kf2 Be7 14. Bb2 f5 15. Nd2 Nc2 16. Rac1 Bc5+ 17. Kf1 Ne3+ 18. Ke1 Ng2+ 19. Kf1 Ne3+ 20. Ke1 1/2-1/2

[Event "Mittelrhein Verbandsliga-O 16/17"]
[Site "Nordrheinwestfalen"]
[Date "2017.01.08"]
[Round "6"]
[White "Kessler, Ulrich"]
[Black "Schwartz, Dirk"]
[Result "0-1"]
[WhiteElo "1942"]
[BlackElo "1884"]
[PlyCount "62"]
[EventDate "2016.09.11"]
[EventType "team-tourn"]
[EventRounds "11"]
[EventCountry "GER"]
[SourceTitle "EXT 2022"]
[Source "ChessBase"]
[SourceDate "2021.10.06"]
[SourceVersion "1"]
[SourceVersionDate "2021.10.06"]
[SourceQuality "1"]
[WhiteTeam "Troisdorf"]
[BlackTeam "Rheinbacher SF"]
[WhiteTeamCountry "GER"]
[BlackTeamCountry "GER"]

1. Nf3 d6 2. c4 e5 3. Nc3 f5 4. d3 Nf6 5. Qc2 Be7 6. e4 0-0 7. Nd5 Nxd5 8. cxd5 c6 9. Qb3 Kh8 10. Bd2 cxd5 11. exd5 Na6 12. 0-0-0 Bd7 13. Kb1 Nc5 14. Qa3 a5 15. Be3 Na4 16. g3 b5 17. Qb3 Nb6 18. Bxb6 Qxb6 19. Qc2 b4 20. Qd2 b3 21. a3 Rac8 22. Ne1 Rc5 23. Qe3 Qb7 24. Bg2 Bf6 25. Rc1 Rxc1+ 26. Qxc1 Rc8 27. Qd2 Qc7 28. Bf3 h6 29. h4 Bb5 30. Bd1 a4 31. Ng2 Bxd3+ 0-1

[Event "GER HS-214 email"]
[Site "GER email"]
[Date "2016.10.29"]
[Round "?"]
[White "Schoenberger, Kay"]
[Black "Schwartz, Dirk"]
[Result "1-0"]
[WhiteElo "2045"]
[BlackElo "1635"]
[PlyCount "155"]
[EventDate "2016.11.04"]
[EventType "tourn (corr)"]
[EventRounds "6"]
[EventCountry "GER"]
[SourceTitle "Corr 2020"]
[Source "ChessBase"]
[SourceDate "2019.09.30"]
[SourceVersion "1"]
[SourceVersionDate "2019.09.30"]
[SourceQuality "1"]

1. d4 d6 2. c4 e5 3. e3 Nf6 4. Nc3 Nbd7 5. Nf3 Be7 6. Be2 0-0 7. 0-0 c6 8. Qc2 Re8 9. Rd1 Bf8 10. e4 Qc7 11. Be3 Ng4 12. Bd2 d5 13. cxd5 exd4 14. Nb5 Qb6 15. dxc6 d3 16. cxd7 Bxd7 17. Qxd3 Nxf2 18. Qd4 Nxd1 19. Qxb6 axb6 20. Rxd1 Rxa2 21. Bc3 Rxe4 22. Rxd7 Rxe2 23. Kf1 Re8 24. Nd6 Bxd6 25. Rxd6 f6 26. Nd4 Re7 27. Nf5 Rc7 28. Rxb6 Ra4 29. Rb5 Rd7 30. Ne3 Rf4+ 31. Ke2 Re7 32. Rd5 Kf7 33. g3 Rfe4 34. Rd3 Rc7 35. Kf2 Ree7 36. Rd5 Rcd7 37. Rb5 Rd3 38. Nd5 Rd7 39. Nf4 R3d6 40. Rh5 Kg8 41. h4 Rc6 42. Rb5 Kf7 43. Nd5 Rcd6 44. Ne3 Re6 45. g4 Re4 46. Kf3 Re6 47. Nf5 Rc6 48. Rb4 Rc5 49. Kf4 Rcd5 50. Ke4 Rc5 51. Bd4 Rc6 52. Kf3 Rcc7 53. Ne3 Rc6 54. Bc3 Rdc7 55. Rd4 Rc5 56. h5 g6 57. h6 Ke6 58. Rf4 f5 59. gxf5+ gxf5 60. Rb4 Kf7 61. Bd4 R5c6 62. Nxf5 Re6 63. Be3 Rd7 64. Rb5 Rg6 65. Bf4 Re6 66. Ne3 Ke8 67. Ng4 b6 68. Rg5 Rd3+ 69. Be3 Kf8 70. Kf4 Rdd6 71. Ne5 Rxh6 72. Rf5+ Ke8 73. Nf7 Rh4+ 74. Kg5 Re6 75. Kxh4 Rxe3 76. Re5+ Rxe5 77. Nxe5 Kd8 78. b4 1-0

[Event "GER HS-214 email"]
[Site "GER email"]
[Date "2016.10.29"]
[Round "?"]
[White "Schwartz, Dirk"]
[Black "Ott, Peter"]
[Result "1/2-1/2"]
[WhiteElo "1635"]
[BlackElo "1930"]
[PlyCount "44"]
[EventDate "2016.11.04"]
[EventType "tourn (corr)"]
[EventRounds "6"]
[EventCountry "GER"]
[SourceTitle "Corr 2020"]
[Source "ChessBase"]
[SourceDate "2019.09.30"]
[SourceVersion "1"]
[SourceVersionDate "2019.09.30"]
[SourceQuality "1"]

1. c4 f5 2. g3 Nf6 3. Bg2 g6 4. Nc3 Bg7 5. d3 0-0 6. e3 c6 7. Nge2 e5 8. 0-0 Na6 9. f4 d6 10. Rb1 Be6 11. b4 Rc8 12. Qd2 Re8 13. a3 Nc7 14. Bb2 Bf7 15. e4 fxe4 16. Nxe4 Nxe4 17. Bxe4 Qd7 18. fxe5 dxe5 19. Qe3 Ne6 20. Rbe1 Nd4 21. Nxd4 exd4 22. Qg5 Be6 1/2-1/2

[Event "GER OS-297 email"]
[Site "GER email"]
[Date "2016.06.27"]
[Round "?"]
[White "Buchmann, Hans Peter"]
[Black "Schwartz, Dirk"]
[Result "0-1"]
[WhiteElo "1595"]
[BlackElo "1562"]
[PlyCount "94"]
[EventDate "2016.07.04"]
[EventType "tourn (corr)"]
[EventRounds "6"]
[EventCountry "GER"]
[SourceTitle "Corr 2020"]
[Source "ChessBase"]
[SourceDate "2019.09.30"]
[SourceVersion "1"]
[SourceVersionDate "2019.09.30"]
[SourceQuality "1"]

1. d4 d6 2. e4 Nf6 3. Nc3 e5 4. Nf3 exd4 5. Nxd4 Be7 6. Be2 0-0 7. 0-0 a6 8. Re1 c5 9. Nb3 b5 10. Nd5 Nxd5 11. exd5 Bf6 12. c3 Nd7 13. a4 c4 14. Nd4 Bxd4 15. Qxd4 Nc5 16. Qf4 Bb7 17. Be3 Nxa4 18. Rab1 Nb6 19. Qg3 Nxd5 20. Bd4 Nf6 21. Rbd1 Re8 22. Bg4 Rxe1+ 23. Rxe1 Bc6 24. h4 a5 25. Bf5 Nh5 26. Qh3 g6 27. Qg4 Ng7 28. Bxg7 Kxg7 29. h5 Qf6 30. Bd7 Bxd7 31. Qxd7 b4 32. Qc6 Rb8 33. Qxc4 bxc3 34. bxc3 Rb2 35. Rf1 gxh5 36. Qd5 a4 37. Qa5 Qf4 38. g3 Qe4 39. c4 Ra2 40. Qxh5 h6 41. Qd1 Ra3 42. Qxd6 Rd3 43. Qb6 a3 44. Qa5 Rb3 45. Qd2 Qxc4 46. Re1 a2 47. Qd1 Rb2 0-1

[Event "Mittelrhein Verbandsliga-O 15/16"]
[Site "Nordrheinwestfalen"]
[Date "2015.10.18"]
[Round "3"]
[White "Schwartz, Dirk"]
[Black "Kessler, Ulrich"]
[Result "1/2-1/2"]
[WhiteElo "1893"]
[BlackElo "1827"]
[PlyCount "38"]
[EventDate "2015.09.06"]
[EventType "team-tourn"]
[EventRounds "11"]
[EventCountry "GER"]
[SourceTitle "EXT 2022"]
[Source "ChessBase"]
[SourceDate "2021.10.06"]
[SourceVersion "1"]
[SourceVersionDate "2021.10.06"]
[SourceQuality "1"]
[WhiteTeam "Rheinbacher SF"]
[BlackTeam "Troisdorf"]
[WhiteTeamCountry "GER"]
[BlackTeamCountry "GER"]

1. c4 f5 2. g3 Nf6 3. Bg2 g6 4. Nc3 Bg7 5. d3 d6 6. e3 c6 7. Nge2 a5 8. 0-0 0-0 9. f4 Na6 10. Rb1 e5 11. a3 exf4 12. exf4 Re8 13. h3 Re7 14. Kh2 Qe8 15. b4 axb4 16. axb4 Bd7 17. Bd2 Nc7 18. Re1 d5 19. c5 Ra3 1/2-1/2

[Event "Mittelrhein Verbandsliga-O 15/16"]
[Site "Nordrheinwestfalen"]
[Date "2015.09.06"]
[Round "1"]
[White "Schwartz, Dirk"]
[Black "Rose, Dominik"]
[Result "0-1"]
[WhiteElo "1893"]
[BlackElo "2064"]
[PlyCount "66"]
[EventDate "2015.09.06"]
[EventType "team-tourn"]
[EventRounds "11"]
[EventCountry "GER"]
[SourceTitle "EXT 2022"]
[Source "ChessBase"]
[SourceDate "2021.10.06"]
[SourceVersion "1"]
[SourceVersionDate "2021.10.06"]
[SourceQuality "1"]
[WhiteTeam "Rheinbacher SF"]
[BlackTeam "Koeln Lasker II"]
[WhiteTeamCountry "GER"]
[BlackTeamCountry "GER"]

1. c4 f5 2. g3 Nf6 3. Bg2 g6 4. d3 Bg7 5. e3 d6 6. Ne2 c6 7. f4 0-0 8. Nbc3 Na6 9. 0-0 Be6 10. Rb1 Qd7 11. b4 d5 12. c5 Nc7 13. Nd4 Bf7 14. Nce2 e5 15. Nb3 Rfe8 16. h3 h6 17. Qd2 Re7 18. Bb2 Nh7 19. Rfe1 Rae8 20. Rbc1 g5 21. Na5 Qc8 22. d4 exf4 23. exf4 Bh5 24. Bf1 Nf6 25. Nc3 Ne6 26. Nb3 Qc7 27. Rxe6 Rxe6 28. fxg5 Qxg3+ 29. Qg2 Qe3+ 30. Kh2 hxg5 31. b5 g4 32. Nd1 Qf4+ 33. Qg3 Re2+ 0-1

[Event "GER HS-186 email"]
[Site "GER email"]
[Date "2015.05.10"]
[Round "?"]
[White "Hirsch, Hanns Rainer"]
[Black "Schwartz, Dirk"]
[Result "1-0"]
[WhiteElo "1871"]
[BlackElo "1590"]
[PlyCount "33"]
[EventDate "2015.05.22"]
[EventType "tourn (corr)"]
[EventRounds "6"]
[EventCountry "GER"]
[SourceTitle "Corr 2020"]
[Source "ChessBase"]
[SourceDate "2019.09.30"]
[SourceVersion "1"]
[SourceVersionDate "2019.09.30"]
[SourceQuality "1"]

1. e4 d6 2. d4 Nf6 3. Nc3 e5 4. dxe5 dxe5 5. Qxd8+ Kxd8 6. Nf3 Bd6 7. Be3 Ke7 8. 0-0-0 c6 9. Ng5 h6 10. Nxf7 Kxf7 11. Rxd6 Ke7 12. Rd2 Be6 13. Be2 Nbd7 14. f4 b6 15. f5 Bf7 16. Rhd1 b5 17. g4 1-0

[Event "GER OS-256 email"]
[Site "GER email"]
[Date "2014.12.08"]
[Round "?"]
[White "Schwartz, Dirk"]
[Black "Wilshusen, Horst"]
[Result "1-0"]
[WhiteElo "1622"]
[BlackElo "1454"]
[PlyCount "47"]
[EventDate "2014.12.19"]
[EventType "tourn (corr)"]
[EventRounds "6"]
[EventCountry "GER"]
[SourceTitle "Corr 2020"]
[Source "ChessBase"]
[SourceDate "2019.09.30"]
[SourceVersion "1"]
[SourceVersionDate "2019.09.30"]
[SourceQuality "1"]

1. e4 e5 2. d4 exd4 3. c3 d5 4. exd5 Qxd5 5. cxd4 Nc6 6. Nf3 Bg4 7. Be2 Bb4+ 8. Nc3 0-0-0 9. 0-0 Qa5 10. Be3 Nf6 11. h3 Bf5 12. Na4 Qd5 13. a3 Bd6 14. Rc1 Be4 15. Nc3 Qa5 16. Nd2 Bd5 17. b4 Bxb4 18. axb4 Qxb4 19. Nxd5 Nxd5 20. Rxc6 bxc6 21. Ba6+ Kd7 22. Qg4+ Ke7 23. Qxg7 Rdg8 24. Bg5+ 1-0